000 01216nam a2200277 i 4500
001 49522
003 ES-MaACL
005 20230906162008.0
007 t|
008 030717s1883 sp ||||1| spa d
080 _a34(460.22)
100 1 _aCosta, Joaquín,
_d1846-1911
_941054
245 1 3 _aLa libertad civil y el Congreso de Jurisconsultos aragoneses /
_cpor Joaquín Costa.
260 _aMadrid :
_b[s.n.],
_c1883 (
_fImp. de la Revista de Legislación, a cargo de M. Ramos)
300 _aXV, 536 p. ;
_c23 cm.
490 1 _aBiblioteca jurídica de autores españoles ;
_v11
530 _aDisponible en formato digital.
650 4 _aFueros-
_zAragón.
_9136142
650 4 _aLibertad civil.
_9172844
830 1 _aBiblioteca jurídica de autores españoles ;
_v11
_9181120
852 _aES-MaACL
_jF-14641
856 _uhttp://bdh-rd.bne.es/viewer.vm?id=0000112865&page=1
_zBiblioteca Digital Hispánica
856 _uhttps://www.cortesaragon.es/fondoHistorico/es/consulta/registro.do?id=2293
_zFondo Documental Histórico de las Cortes de Aragón
856 _uhttp://www.derechoaragones.es/es/consulta/registro.do?id=601228
_zBiblioteca Virtual de Derecho Aragonés
999 _c49522
_d49522